Электровзрывное получение ультрадисперсных порошков сложного состава: диссертация на соискание ученой степени кандидата технических наук

Bibliografiske detaljer
Hovedforfatter: Тихонов Д. В. Дмитрий Владимирович
Institution som forfatter: Томский политехнический университет
Summary:For_staff_use
Sprog:russisk
Udgivet: Томск, 1999
Fag:
Format: Bog
KOHA link:https://koha.lib.tpu.ru/cgi-bin/koha/opac-detail.pl?biblionumber=10037

MARC

LEADER 00000nbm0a2200000 4500
001 10037
005 20231030182739.0
035 |a (RuTPU)RU\TPU\book\10095 
035 |a BOOK00010158 
090 |a 10037 
100 |a 20011209d1999 k y0rusy50 ca 
101 0 |a rus 
102 |a RU 
105 |a y m 000zy 
200 1 |a Электровзрывное получение ультрадисперсных порошков сложного состава  |e диссертация на соискание ученой степени кандидата технических наук  |f Д. В. Тихонов  |g Томский политехнический университет 
210 |a Томск  |d 1999 
215 |a 240 л. 
371 0 |a For_staff_use 
610 1 |a ультрадисперсные порошки 
610 1 |a электрический взрыв 
610 1 |a композиционные материалы 
610 1 |a вольфрам 
610 1 |a диссертации 
675 |a 537.5(04)  |v 3 
700 1 |a Тихонов  |b Д. В.  |g Дмитрий Владимирович 
712 0 2 |a Томский политехнический университет  |2 stltpush  |3 (RuTPU)RU\TPU\col\376 
801 0 |a RU  |b 63413507  |c 20011209  |g PSBO 
801 2 |a RU  |b 63413507  |c 20070504  |g PSBO 
942 |c BK